Regionalismo estratégico en las relaciones de la Unión Europea con América del Sur /
Shranjeno v:
| Glavni avtor: | |
|---|---|
| Format: | Texto |
| Oznake: |
Označite
Brez oznak, prvi označite!
|
MARC
| LEADER | 00000 a a2200000 04500 | ||
|---|---|---|---|
| 001 | 3613 | ||
| 003 | |||
| 040 | |||
| 100 | |a Briceño Ruiz, José | ||
| 245 | |a Regionalismo estratégico en las relaciones de la Unión Europea con América del Sur / |c José Briceño Ruiz | ||
| 500 | |a Resumen también en inglés páginas 451 | ||
| 773 | |g volumen 56, número 5; páginas 428-434 | ||
| 999 | |c 38024 |d 38024 | ||
